000 01433nam a2200325 4500
001 0000021075
003 CO-CtgCURN
005 20250429223956.0
007 ta
008 160627s2004 000 0 eng d
020 _a9586906647
040 _aCO-CtgCURN
_bspa
_ccoctgcurn
082 0 _a347.09
_bC17t
100 1 _aCastaño García, José Ignacio.
245 1 0 _aTratado sobre conciliacion /
_cJosé Ignacio Castaño García.
260 _aBogotá :
_bLeyer,
_c2004.
300 _axii, 410 p.
336 _2rdacontent
337 _2rdamedia
_asin mediacion
_bn
338 _2rdacarrier
_avolumen
_bnc
500 _aIncluye indice \ En materia civil, laboral, contencioso administrativo y familia; conciliacion para casos de violacion de derechos humanos. Conciliacion en derecho judicial, extrajudicial, como requisito de procedibilidad y en equidad. Manual del conciliador.
505 8 _aConciliacion en derecho -- Conciliacion en equidad -- Conciliacion para casos de violacon de derecho humanos -- Manual de conciliador -- Relacion normativa
650 1 4 _aConciliacion
_vLegislacion.
908 _a160627
942 _cBK
_h347.09
_iC17t
_2ddc
999 _c34007
_d34007